000
00320nam a2200133Ia 4500
005
20260328101518.0
008
260328s9999||||xx |||||||||||||| ||und||
100
_a
Ciceri, Angelo
245
0
_a
La Cathedrale de Milan /
_c
Angelo Ciceri
260
_b
Tous Droits
300
_a
160 p.
650
_a
EDAD MEDIA
942
_c
BK
999
_c
9487
_d
9487